Протокол № 225 заседания Совета Труда и Обороны от 24 июня 1921 года и материалы к протоколу

Доступно только в Электронных читальных залах Найти на картеНа карте
RUSMARC
00003855nac2a22002771x 450
001103d276f-9845-4018-8dfb-d26ffeb7fbbc
00520160513225853.0
100##$a20160331l1921 k y0rusy50 ca
1010#$arus
102##$aRU
105##$ay z |||||
1220#$ad19210624
2001#$aПротокол № 225 заседания Совета Труда и Обороны от 24 июня 1921 года и материалы к протоколу
$j24 июня 1921
215##$a89 листов
251##$cДело
300##$aЗаголовок дела на папке: Протокол № 225 заседания Совета Труда и Обороны от 24 июня 1921 года (копия) и материалы к протоколу
300##$aМашинописный текст
324##$aКопия
330##$aВходит в раздел описи: Управление Делами Секретариат. I. Протоколы. д/ Протоколы СТО
461#0$1001ad6baeac-e292-4829-90d1-2f4f65796a62
$12001
$aСОВЕТ НАРОДНЫХ КОМИССАРОВ РСФСР (СНК РСФСР)
$1251
$cФонд
$1852
$j130
$gР
462#0$1001749580a7-5abb-40c4-a39c-e540631a040a
$12001
$a1921 г.
$vД. 409
$1251
$cОпись
$1852
$j5
5171#$aПротокол № 225 заседания Совета Труда и Обороны от 24 июня 1921 года (копия) и материалы к протоколу
60101$3RU\NLR\AUTH\661074810
$aРСФСР
$bСовет Народных Комиссаров
801#0$aRU
$bGA_RF
801#1$aRU
$bНПО Опыт
$c20160331
$2rusmarc
801#2$aRU
$bПБ им. Б.Н. Ельцина
$c20160513
$gRCR
$2rusmarc
852##$aГА РФ
$j409
937##$d74431130
$hПБ
035##$aRuPRLIB51037876
Формат отображения